| 000 | 01879nam a2200361 i 4500 | ||
|---|---|---|---|
| 001 | 000009164 | ||
| 003 | DO-SdBPM | ||
| 005 | 20250623104259.0 | ||
| 007 | ta | ||
| 008 | 090928s1986 dr 001 0 spa d | ||
| 040 |
_aDO-SdBPM _bspa _cBPMSU _erda |
||
| 041 | _hspa | ||
| 082 | 4 |
_aRD861.4409 _bB142p, 1986 _222 |
|
| 100 | 1 |
_aBaeza Flores, Alberto, _d1914-1998 _eautor _4aut. |
|
| 245 | 1 | 3 |
_aLa poesía dominicana en el siglo XX : _bhistoria, crítica, estudio comparativo y estilístico / _cAlberto Baeza Flores ; prólogo, Héctor Inchaustegui Cabral, introducción, Cándido Gerón. |
| 264 | 4 |
_aSanto Domingo : _bBiblioteca Nacional Pedro Henríquez Ureña (BNPHU), _c©1986. |
|
| 300 |
_avolumen ; _c22 cm. |
||
| 336 |
_atexto _btxt _2rdacontent |
||
| 337 |
_asin mediación _bn _2rdamedia |
||
| 338 |
_avolumen _bnc _2rdacarrier |
||
| 490 | 0 | _aColección Orfeo | |
| 500 | _a"La Universidad Madre y Maestra publicó los dos primeros tomos de esta obra" | ||
| 500 | _aIncluye índice de autores | ||
| 505 | 0 |
_gv.3. _aDe la poesía sorprendida a entre las soledades, expresiones plurales de lo dominicano, análisis antológico del medio siglo, la isla necesaria, el libro vulnerado y los poetas de 1948 (1947-1961) -- v.4 Brigadas dominicanas, baluarte, testimonio, poesía patriótica, social y revolucionaria, los poetas de 1965, el pluralismo y las nuevas vanguardias, los poetas en provincias, consideraciones finales, apéndices y bibliografías (1961-1980) |
|
| 590 | _aInventariado, 2025/VM | ||
| 650 | 7 |
_aPoesía dominicana _xHistoria y crítica _ySiglo XX |
|
| 650 | 7 |
_aPoesía patriótica dominicana _ySiglo XX |
|
| 650 | 7 |
_aPoesía revolucionaria dominicana _ySiglo XX |
|
| 700 | 1 |
_aGerón, Candido, _d1948- |
|
| 710 | 2 |
_aRepública Dominicana _bBiblioteca Nacional Pedro Henríquez Ureña |
|
| 910 | _aVMateo V. Control de calidad. BPMSU | ||
| 942 |
_2ddc _cBK |
||
| 999 |
_c15194 _d15194 |
||